Cycliste belge 2026 - Statistiques

Statistiques générales
  • Ce quiz a été pris 14 fois
  • Le résultat moyen est 32 sur 89
Statistiques - réponses
Équipe Coureur % Correct
Bora Evenepoel
92%
Alpecin Philipsen
85%
Visma Van AERT
85%
Decathlon Benoot
77%
Lotto De lie
77%
COFIDIS Teuns
77%
UAE Wellens
77%
Soudal Merlier
69%
Soudal Stuyven
69%
Lidl trek Theuns
69%
Ineos De plus
62%
Decathlon Dewulf
62%
Decathlon Naesen
62%
Bora Van gils
62%
Soudal Vansevenant
62%
Bora Vermeersch
62%
UAE Vermeersch
62%
Lotto Aerts
54%
COFIDIS Fretin
54%
Bora Meeus
54%
Lidl trek Nys
54%
Lotto Van eetvelt
54%
Soudal Van Wilder
54%
Decathlon De pestel
46%
UAE Herregodts
46%
Soudal Rex
46%
Visma Rex
46%
Bahrain Segaert
46%
NSM Van tricht
46%
Alpecin Verstrynge
46%
Visma Campenaerts
38%
Q36.5 Hermans
38%
Lotto Menten
38%
Decathlon Pollefliet
38%
Movistar Uijtdebroeks
38%
Soudal Van gestel
38%
COFIDIS Allegaert
31%
Soudal Bastiaens
31%
Lotto Braet
31%
Soudal Cras
31%
Jayco De bondt
31%
Alpecin Debruyne
31%
Alpecin Dehairs
31%
Decathlon Ghys
31%
Lotto Grignard
31%
Soudal Lampaert
31%
Astana Livyns
31%
Bora Marit
31%
Q36.5 Meurisse
31%
COFIDIS Moniquet
31%
Alpecin Rickaert
31%
Lotto Taminiaux
31%
Alpecin Thijssen
31%
NSM Van asbroeck
31%
Bahrain Van mechelen
31%
Soudal Vervaeke
31%
Lotto Berckmoes
23%
Lotto Beullens
23%
Lotto De buyst
23%
Soudal Gelders
23%
Soudal Lecerf
23%
Alpecin Planckaert
23%
Alpecin Sentjens
23%
Lotto Van boven
23%
Soudal Van den bossche
23%
Q36.5 Van moer
23%
Lidl trek Vergaerde
23%
Lotto Widar
23%
Alpecin Belmans
15%
COFIDIS Biermans
15%
Lotto Craps
15%
Jayco De pooter
15%
Lotto De schuyteneer
15%
Alpecin De vylder
15%
Q36.5 Frison
15%
Alpecin Geens
15%
Visma Kielich
15%
Lotto Orins
15%
COFIDIS Robeet
15%
Lotto Slock
15%
Unibet Stockman
15%
Soudal Vangheluwe
15%
Q36.5 Vanhoucke
15%
Soudal Van lerberghe
15%
Picnic Dhondt
8%
Unibet Loockx
8%
Soudal Vervenne
8%
Alpecin Dockx
0%
Visma Van kerkhove
0%
Aucun quiz correspondant
Distribution des résultats
% des personnes avec chaque résultat
Percentile par nombre de réponses
Votre historique - résultats
Vous n’avez pas pris ce quiz